000 00323nam a22001337a 4500
008 170529b xxu||||| |||| 00| 0 eng d
020 _a019859321-X
041 _aeng
080 _a621.3
100 _a27
101 _aIM
245 _aA.C MOTOR DESIGN WITH CONVENTIONAL AND CONVERTER SUPPLIES
_cJONG,,D
942 _2udc
_cBK
999 _c14746
_d14746